Mexico / Argentina : Architects /

Breve recorrido por algunos trabajos de 30 exponentes de las corrientes contemporáneas de arquitectura mexicana y argentina. Estos trabajos fueron, planeados y ejecutados en la década de los noventa. La selección comprende viviendas, edificios de departamentos, locales comerciales, centros comercial...

Ful tanımlama

Kaydedildi:
Detaylı Bibliyografya
Yazar: Pérez M., Guillermo (autor)
Materyal Türü: Kitap
Dil:İngilizce
Baskı/Yayın Bilgisi: México : COEDI MEX, 2002, c2002
Konular:
Etiketler: Etiketle
Etiket eklenmemiş, İlk siz ekleyin!

MARC

LEADER 00000nam^a2200000^a^4500
001 000147659
005 20250521000000.0
009 20260310095955.059
020 |a 968-5152-05-5 
037 |a Acervo ITESO - Biblioteca 
041 |a ING 
082 |a 720. 9  |b PER 
100 |a Pérez M., Guillermo  |e (autor) 
245 1 0 |a Mexico / Argentina :  |b Architects /  |c G. Pérez M. ; pról. de Fernando Vasconcelos ; tr. por Glenn R. Gerdner. 
264 4 |a México :  |b COEDI MEX,  |c 2002, c2002 
300 |a 199 p. 
336 |a texto  |b txt  |2 rdacontenido 
337 |a sin mediación  |b n  |2 rdamedio 
338 |a volumen  |b nc  |2 rdasoporte 
520 |a Breve recorrido por algunos trabajos de 30 exponentes de las corrientes contemporáneas de arquitectura mexicana y argentina. Estos trabajos fueron, planeados y ejecutados en la década de los noventa. La selección comprende viviendas, edificios de departamentos, locales comerciales, centros comerciales, hoteles, restaurantes edificados tanto en algunas ciudades de México como de Argentina. 
649 |a XX 
650 |a Arquitectos Mexicanos 
650 |a Arquitectos Argentinos 
650 |a Arquitectura Mexicana -  |y Siglo XX 
650 |a Arquitectura Argentina -  |y Siglo XX 
650 |a Arte Mexicano -  |y Siglo XX 
650 |a Arte Argentino -  |y Siglo XX 
650 |a Edificios Públicos -  |z México 
650 |a Edificios Públicos -  |z Argentina 
650 |a Vivienda -  |z México 
650 |a Vivienda -  |z Argentina 
650 |a Hoteles -  |z México 
650 |a Hoteles -  |z Argentina 
910 |a Fondo General 
920 |a Impresos - Libros 
930 |a Reserva Especial 
905 |a 103 
901 |a 0500077174  |b IT1  |c REE  |u 20250521 
902 |a https://opac.biblio.iteso.mx/vufind/Record/000147659